19: Addition und Subtraktion mit ganzen Zahlen - Statistiken

Allgemein
  • Dieses Quiz wurde 774 mal gespielt
  • Das Durchschnittsergebnis liegt bei 19 aus 20
Antwortstatistiken
Problem Solution % Korrekt
-5+5 0
100%
-4+4 0
100%
-3+3 0
100%
-2+2 0
100%
0+0 0
100%
5+(-5) 0
100%
5-5 0
100%
2-2 0
100%
1-1 0
100%
-1-(-1) 0
100%
-3-(-3) 0
100%
-4-(-4) 0
100%
-5+4 -1
100%
-4+5 1
100%
-2+1 -1
100%
-1+2 1
100%
1+(-2) -1
100%
1+0 1
100%
2+(-3) -1
100%
3+(-4) -1
100%
3+(-2) 1
100%
4+(-3) 1
100%
5+(-4) 1
100%
5-4 1
100%
4-3 1
100%
4-5 -1
100%
3-2 1
100%
3-4 -1
100%
2-3 -1
100%
0-(-1) 1
100%
-2-(-3) 1
100%
-2-(-1) -1
100%
-3-(-4) 1
100%
-5-(-4) -1
100%
-5+(-5) -10
100%
5+5 10
100%
-3+5 2
100%
-1+3 2
100%
0+2 2
100%
1+(-3) -2
100%
1+1 2
100%
3+(-5) -2
100%
5+(-3) 2
100%
5-3 2
100%
3-1 2
100%
3-5 -2
100%
2-4 -2
100%
1-(-1) 2
100%
1-3 -2
100%
0-(-2) 2
100%
0-2 -2
100%
-1-(-3) 2
100%
-2-0 -2
100%
-3-(-1) -2
100%
-4+1 -3
100%
-2+(-1) -3
100%
-1+(-2) -3
100%
-1+4 3
100%
0+3 3
100%
1+(-4) -3
100%
1+2 3
100%
3+0 3
100%
4+(-1) 3
100%
5+(-2) 3
100%
2-5 -3
100%
1-(-2) 3
100%
1-4 -3
100%
0-(-3) 3
100%
0-3 -3
100%
-2-(-5) 3
100%
-2-1 -3
100%
-4-(-1) -3
100%
-4+0 -4
100%
-1+(-3) -4
100%
-1+5 4
100%
1+(-5) -4
100%
1+3 4
100%
4+0 4
100%
5-1 4
100%
4-0 4
100%
2-(-2) 4
100%
1-(-3) 4
100%
1-5 -4
100%
-1-(-5) 4
100%
-2-2 -4
100%
-3-1 -4
100%
-4-0 -4
100%
-5+0 -5
100%
-4+(-1) -5
100%
-3+(-2) -5
100%
-2+(-3) -5
100%
-1+(-4) -5
100%
0+(-5) -5
100%
0+5 5
100%
1+4 5
100%
2+3 5
100%
4+1 5
100%
5+0 5
100%
5-0 5
100%
4-(-1) 5
100%
3-(-2) 5
100%
0-(-5) 5
100%
-1-4 -5
100%
-4-1 -5
100%
-5-0 -5
100%
-5+(-1) -6
100%
-4+(-2) -6
100%
-2+(-4) -6
100%
-1+(-5) -6
100%
3+3 6
100%
5+1 6
100%
5-(-1) 6
100%
4-(-2) 6
100%
3-(-3) 6
100%
1-(-5) 6
100%
-1-5 -6
100%
-3-3 -6
100%
-4-2 -6
100%
-5-1 -6
100%
-4+(-3) -7
100%
-3+(-4) -7
100%
3+4 7
100%
5+2 7
100%
5-(-2) 7
100%
-2-5 -7
100%
-4-3 -7
100%
-5+(-3) -8
100%
3+5 8
100%
4+4 8
100%
5+3 8
100%
5-(-3) 8
100%
4-(-4) 8
100%
-3-5 -8
100%
-4-4 -8
100%
-5+(-4) -9
100%
-4+(-5) -9
100%
4+5 9
100%
5+4 9
100%
5-(-4) 9
100%
4-(-5) 9
100%
-4-5 -9
100%
-5-4 -9
100%
-4+3 -1
96%
-1+0 -1
96%
1-2 -1
96%
-1-(-2) 1
96%
-3-(-2) -1
96%
-5+3 -2
96%
2-0 2
96%
-4-(-2) -2
96%
-1-2 -3
96%
-3-0 -3
96%
0-5 -5
96%
2+4 6
96%
-2-4 -6
96%
3-(-5) 8
96%
-1+1 0
95%
0-0 0
95%
-3+4 1
95%
0+(-1) -1
95%
0+1 1
95%
2-1 1
95%
1-0 1
95%
-4-(-3) -1
95%
-4+2 -2
95%
-1+(-1) -2
95%
0+(-2) -2
95%
4+(-2) 2
95%
4-2 2
95%
-2+5 3
95%
2+1 3
95%
5-2 3
95%
0+4 4
95%
2-(-3) 5
95%
4+3 7
95%
2-(-5) 7
95%
-3+(-5) -8
95%
4+(-4) 0
94%
-2+3 1
94%
2+(-1) 1
94%
-2+0 -2
94%
2+(-4) -2
94%
2+0 2
94%
3+(-1) 2
94%
-2-(-4) 2
94%
-3-(-5) 2
94%
-5+2 -3
94%
4-1 3
94%
-5-(-2) -3
94%
-2+(-2) -4
94%
5+(-1) 4
94%
3-(-1) 4
94%
0-(-4) 4
94%
-5-(-1) -4
94%
3+2 5
94%
-2-3 -5
94%
-3+(-3) -6
94%
2+5 7
94%
4-(-3) 7
94%
3-(-4) 7
94%
3+(-3) 0
93%
4-4 0
93%
3-3 0
93%
-2-(-2) 0
93%
-3+2 -1
93%
-1-0 -1
93%
-3+1 -2
93%
-1-1 -2
93%
0+(-3) -3
93%
-1-(-4) 3
93%
-5+1 -4
93%
2+2 4
93%
3+1 4
93%
0-4 -4
93%
1-(-4) 5
93%
-5-2 -7
93%
-5-3 -8
93%
1+(-1) 0
92%
4+(-5) -1
92%
-4-(-5) 1
92%
-5-(-3) -2
92%
2+(-5) -3
92%
3-0 3
92%
-3+(-1) -4
92%
0+(-4) -4
92%
4+2 6
92%
-5-(-5) 0
91%
-1-3 -4
91%
-5+(-2) -7
91%
0-1 -1
90%
-3+0 -3
90%
2-(-4) 6
90%
-3-4 -7
90%
-4+(-4) -8
90%
2+(-2) 0
89%
5-(-5) 10
89%
-2+4 2
89%
2-(-1) 3
89%
-2+(-5) -7
89%
-5-5 -10
86%
-3-2 -5
85%
1+5 6
84%
Keine übereinstimmenden Quizze gefunden
Verteilung der Resultate
Anzahl Personen mit jedem Resultat
Perzentil nach korrekt beantworteten Fragen
Ihre Resultats-Entwicklung
Sie haben dieses Quiz noch nicht gespielt